Score 0/30 Timer 08:00
0 Plays Today
Team, Nationality Player Name % Correct
Leicester City, EnglandJamie Vardy
99.8%
Liverpool, SenegalSadio Mané
99.6%
Manchester City, ArgentinaSergio Agüero
99.4%
Liverpool, EgyptMohamed Salah
99.2%
Tottenham Hotspur, EnglandHarry Kane
98.8%
Manchester United, EnglandMarcus Rashford
98.8%
Manchester City, EnglandRaheem Sterling
98.8%
Tottenham Hotspur, South KoreaHeung-min Son
97.6%
Liverpool, BrazilRoberto Firmino
97%
Arsenal, FranceAlexandre Lacazette
96.2%
Arsenal, GabonPierre-Emerick Aubameyang
96.2%
Chelsea, EnglandTammy Abraham
95.6%
Manchester United, FranceAnthony Martial
95.2%
Manchester City, BrazilGabriel Jesus
94.8%
Crystal Palace, Ivory CoastWilfried Zaha
94.4%
Team, Nationality Player Name % Correct
Norwich City, FinlandTeemu Pukki
94.2%
Everton, BrazilRicharlison
92.9%
Bournemouth, NorwayJoshua King
91.9%
Newcastle United/Leicester City, SpainAyoze Pérez
91.7%
Wolverhampton Wanderers, MexicoRaúl Jiménez
90.9%
Southampton, EnglandDanny Ings
89.7%
Watford, EnglandTroy Deeney
89.1%
Bournemouth, EnglandCallum Wilson
87.7%
Wolverhampton Wanderers, PortugalDiogo Jota
86.7%
Everton, EnglandDominic Calvert-Lewin
83.9%
Burnley, New ZealandChris Wood
83.7%
Burnley, EnglandAshley Barnes
77.4%
Watford, SpainGerard Deulofeu
71.2%
Crystal Palace, SerbiaLuka Milivojević
70.8%
Southampton, EnglandJames Ward-Prowse
65.9%
Remove Ads.
Support Sporcle.
Get the best of Sporcle when you Go Orange. This ad-free experience offers more features, more stats, and more fun while also helping to support Sporcle. Thank you for becoming a member.

You're not logged in!

Compare scores with friends on all Sporcle quizzes.
OR
Log In

Sporcle TV

Today on Sporcle TV


Watch our educational content, quiz creation guides, and fun videos on Sporcle TV.

Show Comments

Extras

Top Quizzes Today


Score Distribution

Paid Content

Your Account Isn't Verified!

In order to create a playlist on Sporcle, you need to verify the email address you used during registration. Go to your Sporcle Settings to finish the process.

Report this User

Report this user for behavior that violates our Community Guidelines.

Details: